Basketball Acronyms - Statistics

General Stats
  • This quiz has been taken 2,070 times
    2,067 since last reset
  • The average score is 14 of 15
Answer Stats
Hint Answer % Correct
Pts Points
100%
Reb Rebound
99%
Ast Assist
98%
Blk Block
97%
PG Point Guard
97%
C Center
96%
SG Shooting Guard
93%
Stl Steal
93%
FT Free Throw
91%
PF Power Forward
91%
FG Field Goal
90%
SF Small Forward
89%
TO Turnover
86%
DNP Did Not Play
78%
3PT 3 Pointer
73%
No matching quizzes found
Score Distribution
Percent of People with Each Score
Percentile by Number Answered
Your Score History
You have not taken this quiz since the last reset